00829 2200277 4500001002100000005001500021035002000036007000300056040001700059100002600076245014600102250001000248300003800258041000800296082000800304084001400312090001400326264005000340336002100390337003000411338002300441650001400464850001000478008004100488990002200529INLIS00000000001339120260529121610 a0010-0725000150ta aSBPUPADbind0 aSoedarsonoePengarang1 aMahkamah Konstitusi Sebagai Pengawal Demokrasi :bPenyelesaian sengketa hasil pemilu Dua ribu empat oleh mahkamah Konstitusi RI /cSoedarsono aCet.2 axvi, 308 hlm :bilus., ;c23,5 cm aind a324 a324 SOE m a324 SOE m aJakarta :bSetjen dan kepanitraan MKRI,c2006 2rdacontentaTeks 2rdamediaatanpa perantara 2rdacarrieravolume 4aDemokrasi aPUPAD260529 0 ind  a39.193/S/DPK/2025